The Delhi land reforms rules, 1954 (Record no. 399242)

000 -LEADER
fixed length control field 00259cam a22001097a 4500
008 - FIXED-LENGTH DATA ELEMENTS--GENERAL INFORMATION
fixed length control field 180718b xxu||||| |||| 00| 0 eng d
082 ## - DEWEY DECIMAL CLASSIFICATION NUMBER
Classification number Y1503x5461 D378
100 ## - MAIN ENTRY--PERSONAL NAME
Personal name Delhi.
245 ## - TITLE STATEMENT
Title The Delhi land reforms rules, 1954
260 ## - PUBLICATION, DISTRIBUTION, ETC.
Place of publication, distribution, etc. Delhi
Name of publisher, distributor, etc.
Date of publication, distribution, etc.
300 ## - PHYSICAL DESCRIPTION
Extent 102p.
Holdings
Withdrawn status Lost status Damaged status Not for loan Permanent Location Current Location Date acquired Full call number Barcode Date last seen Price effective from Koha item type
        Indian Institute of Public Administration Indian Institute of Public Administration 2002-02-22 Y1503x5461 D378 4089 2018-07-21 2018-07-21 Book

Powered by Koha